01757nam a2200325 a 450000100100000000500170001000800410002702000180006804000250008608200220011110000350013324500850016826000400025330000460029350000780033950400330041759000260045065000580047665000370053465000630057165000600063470000310069491000380072595201350076395201350089895201350103395201200116895201260128899900170141400001508820200929163944.0100201s2009 dr a r 000 0 spa d a9789993458661 aDO-SdBNPbspacBNPHU a791.450232bR175p1 aRamos, Víctor,d1960-93416510aProducción y técnicas de televisión /cVíctor Ramos, Jesús Reyes Mota. aSanto Domingo :bCentenario,c2009. a257 p. :bil., gráfcs. tablas ;c23 cm. aIncluye datos biográficos de los autores en las solapas de la cubierta. aBibliografía : p. 255-257. aInventariado, 2018/BT 4aTelevisiónxHistoriazRepública Dominicana934166 4aAutoría en televisión934167 4aIndustrias de los medios de comunicación de masas934168 4aTeledifusiónxHistoriazRepública Dominicana9341691 aReyes Mota, Jesús934170 aValidado. Control de calidad. EMS 001054708DSaGRbGRcHDd2010-02-01iLF1l0o791.450232 R175pp15088-30r2020-06-25te. 3w2020-06-25yLFDSZPréstamo en sala 001054708DSaGRbGRcHDd2010-02-01iLF1l0o791.450232 R175pp15088-40r2020-06-25te. 4w2020-06-25yLFDSZPréstamo en sala 001054708DSaGRbGRcHDd2010-02-01iLF1l0o791.450232 R175pp15088-50r2020-06-25te. 5w2020-06-25yLFDSZPréstamo en sala 0010718PDaPDbPDcHDd2010-02-01iLF1l0o791.450232 R175pp15088-10r2020-06-25w2020-06-25yLFPDZNo se presta 0010718PDaPDbPDcHDd2010-02-01iLF1l0o791.450232 R175pp15088-20r2020-06-25te. 2w2020-06-25yLFPDZNo se presta c14660d14660